000 00279nam a22001217a 4500
008 170630b xxu||||| |||| 00| 0 eng d
041 _aeng
080 _a82
100 _a22
101 _aGJL
245 _aARISTOLE ON MAN IN THE THE UNIVERSE
_cBLACK.W.J
942 _2udc
_cBK
999 _c19779
_d19779